Find the German Animals Quiz Stats

 Plays Quiz not verified by Sporcle

Score 0/21 Timer 05:00
3 Plays Today
% Correct
Goldfisch
94.6%
Pinguin
94.4%
Krabbe
93.6%
Hund
93.6%
Katze
91.7%
Kuh
77.8%
Eisbär
76.7%
Löwe
73%
Fledermaus
70.5%
Pferd
69.5%
Papagei
68.1%
% Correct
Schlange
65.3%
Schmetterling
64.8%
Huhn
64.2%
Schildkröte
62.1%
Affe
59.7%
Ente
59.3%
Kaninchen
59.2%
Hai
55.7%
Käfer
53.2%
Eichhörnchen
49.5%

You're not logged in!

Compare scores with friends on all Sporcle quizzes.
OR
Log In

Show Comments

Extras

Top Quizzes Today


Score Distribution

Your Account Isn't Verified!

In order to create a playlist on Sporcle, you need to verify the email address you used during registration. Go to your Sporcle Settings to finish the process.

Report this User

Report this user for behavior that violates our Community Guidelines.

Details: